| 000 | 00948nam0a22002531 4500 | ||
|---|---|---|---|
| 001 | rc\2774679 | ||
| 005 | 20250806204643.0 | ||
| 035 | _a(NLR Aleph) 006900992 | ||
| 090 |
_a29581 _c29581 |
||
| 100 | _a20110915d1941 u y0rusy50 ca | ||
| 101 | 0 | _arus | |
| 102 | _aRU | ||
| 105 | _ay z ||||| | ||
| 200 | 1 |
_aКалькуляция себестоимости ремонта самолетов _fР. Г. Эпштейн, канд. экон. наук _gГл. упр. гражд. возд. флота при СНК СССР, Н.-и. ин-т ГВФ |
|
| 210 |
_aМосква _cРед.-изд. отдел Аэрофлота _d1941 |
||
| 215 |
_a92 с. _d22 см. |
||
| 700 | 1 |
_aЭпштейн _bР.Г. _gРита Григорьевна |
|
| 801 | 0 |
_aRU _bNLR _gpsbo |
|
| 801 | 1 |
_aRU _bELAR _2rusmarc |
|
| 852 |
_aNLR _jЭк90 Г-6/14 |
||
| 942 | _cBOOK | ||
| 945 | _aРоссийская национальная библиотека | ||
| 980 | _aNB | ||
| 980 | _aBV | ||